Gray's Anatomy for Students / (Record no. 16772)
[ view plain ]
| 000 -LEADER | |
|---|---|
| fixed length control field | 01587aam a2200361 a 4500 |
| 001 - CONTROL NUMBER | |
| control field | 014821333 |
| 003 - CONTROL NUMBER IDENTIFIER | |
| control field | Uk |
| 005 - DATE AND TIME OF LATEST TRANSACTION | |
| control field | 20090806221943.0 |
| 008 - FIXED-LENGTH DATA ELEMENTS--GENERAL INFORMATION | |
| fixed length control field | 081024s2010 paua 001 0 eng |
| 020 ## - INTERNATIONAL STANDARD BOOK NUMBER | |
| International Standard Book Number | 0443069522 |
| 020 ## - INTERNATIONAL STANDARD BOOK NUMBER | |
| International Standard Book Number | 9780443069529 |
| 040 ## - CATALOGING SOURCE | |
| Original cataloging agency | StDuBDS |
| Language of cataloging | eng |
| Transcribing agency | StDuBDS |
| Modifying agency | Uk |
| 082 00 - DEWEY DECIMAL CLASSIFICATION NUMBER | |
| Classification number | 612 |
| Edition number | 22 |
| Item number | DRA |
| 100 1# - MAIN ENTRY--PERSONAL NAME | |
| Personal name | Drake, Richard L. |
| Fuller form of name | (Richard Lee), |
| Dates associated with a name | 1950- |
| 9 (RLIN) | 30143 |
| 245 10 - TITLE STATEMENT | |
| Title | Gray's Anatomy for Students / |
| Statement of responsibility, etc | Richard L. Drake, A. Wayne Vogl, Adam W.M. Mitchell ; illustrations by Richard M. Tibbitts and Paul Richardson ; photographs by Ansell Horn. |
| 246 30 - VARYING FORM OF TITLE | |
| Title proper/short title | Anatomy for students |
| 250 ## - EDITION STATEMENT | |
| Edition statement | 2nd ed. |
| 260 ## - PUBLICATION, DISTRIBUTION, ETC. (IMPRINT) | |
| Place of publication, distribution, etc | Philadelphia : |
| Name of publisher, distributor, etc | Churchill Livingstone/Elsevier, |
| Date of publication, distribution, etc | c2010. |
| 300 ## - PHYSICAL DESCRIPTION | |
| Extent | xxv, 1103 p. : |
| Other physical details | ill. (chiefly col.) ; |
| Dimensions | 28 cm. |
| 500 ## - GENERAL NOTE | |
| General note | Includes index. |
| 505 0# - FORMATTED CONTENTS NOTE | |
| Formatted contents note | The body -- Back -- Thorax -- Abdomen -- Pelvis and perineum -- Lower limb -- Upper limb -- Head and neck. |
| 541 ## - IMMEDIATE SOURCE OF ACQUISITION NOTE | |
| Source of acquisition | Donation from Baccah |
| 650 #0 - SUBJECT ADDED ENTRY--TOPICAL TERM | |
| Topical term or geographic name as entry element | Human anatomy. |
| 9 (RLIN) | 30144 |
| 650 12 - SUBJECT ADDED ENTRY--TOPICAL TERM | |
| Topical term or geographic name as entry element | Anatomy. |
| 9 (RLIN) | 30145 |
| 653 ## - INDEX TERM--UNCONTROLLED | |
| Resource For college | |
| Arrived date list | June2012 |
| 700 1# - ADDED ENTRY--PERSONAL NAME | |
| Personal name | Vogl, Wayne. |
| 9 (RLIN) | 30146 |
| 700 1# - ADDED ENTRY--PERSONAL NAME | |
| Personal name | Mitchell, Adam W. M. |
| 9 (RLIN) | 30147 |
| 700 1# - ADDED ENTRY--PERSONAL NAME | |
| Personal name | Gray, Henry, |
| Dates associated with a name | 1825-1861. |
| 9 (RLIN) | 30148 |
| 700 1# - ADDED ENTRY--PERSONAL NAME | |
| Personal name | Gray, Henry, |
| Dates associated with a name | 1825-1861. |
| Title of a work | Anatomy. |
| 9 (RLIN) | 30149 |
| 942 ## - ADDED ENTRY ELEMENTS (KOHA) | |
| Source of classification or shelving scheme | Dewey Decimal Classification |
| Item type | |
| Withdrawn status | Item status | Source of classification or shelving scheme | Damaged status | Not for loan | Vendor | Home library | Current library | Shelving location | Date acquired | Source of acquisition | Cost, normal purchase price | Serial Enumeration / chronology | Total Checkouts | Total Renewals | Full call number | Barcode | Date last seen | Date last borrowed | Koha item type |
|---|---|---|---|---|---|---|---|---|---|---|---|---|---|---|---|---|---|---|---|
| Dewey Decimal Classification | Donation-Gift | Central Library | Central Library | First floor | 18/06/2012 | Donation | 180.00 | 15307 | 8 | 11 | 612 DRA | 000026837 | 15/11/2025 | 30/09/2025 | Book - Borrowing | ||||
| Dewey Decimal Classification | Donation-Gift | Central Library | Central Library | First floor | 18/06/2012 | Donation | 180.00 | 15307 | 11 | 57 | 612 DRA | 000026838 | 15/07/2025 | 15/07/2021 | Book - Borrowing |